[Event "SG Bochum 1 - SK Münster 1"]
[Site "Oberliga NRW 2019/2020"]
[Date "2020.01.26"]
[Round "5.8"]
[White "Backwinkel, Paul"]
[Black "Ortmeier, Leonhard"]
[Result "0-1"]
[WhiteElo "2227"]
[BlackElo "2223"]
[Annotator "Daniel"]
[PlyCount "108"]
[EventDate "2020.??.??"]
[SourceVersionDate "2020.03.16"]
[WhiteTeam "SG Bochum 1"]
[BlackTeam "SK Münster 1"]

1. Nf3 Nf6 2. e3 d5 3. c4 e6 4. b3 Be7 5. Bb2 O-O 6. Be2 b6 7. O-O Bb7 8. d4 c5
9. dxc5 Bxc5 10. cxd5 Nxd5 11. Nc3 Nxc3 12. Bxc3 Qe7 13. Bb2 Nd7 14. a3 Rfd8
15. Qb1 Rac8 16. b4 Bd6 17. Rc1 Rxc1+ 18. Qxc1 Nf6 19. Qe1 Bb8 20. Rd1 Rxd1 21.
Qxd1 Qd6 22. Qxd6 Bxd6 $11 23. Ne5 Nd5 24. Nc4 Bc7 25. b5 f6 26. g3 Ne7 27. Kf1
Kf7 28. Ke1 Nf5 29. f3 Nd6 30. Nd2 Ke7 31. Bd3 h6 32. e4 Nf7 33. f4 g5 34. fxg5
fxg5 35. Nc4 Nd6 36. e5 Nf7 37. a4 Bd5 38. Ba3+ Kd7 39. Bg6 Bxc4 40. Bxf7 Bb3
41. Bf8 Bxa4 42. Bxh6 Bxb5 43. Bxg5 Bxe5 44. Be3 Bc4 45. Kf2 Kc7 46. h4 a5 47.
h5 a4 48. Bc1 Kd7 49. Ba3 Bd3 50. Kf3 b5 51. Kg4 Bc3 52. Bg6 Bxg6 53. hxg6 Ke8
54. Kg5 b4 0-1

[Event "SF Essen-Katernberg  1 - SV Dinslaken 1"]
[Site "Oberliga NRW 2019/2020"]
[Date "2020.01.26"]
[Round "5.1"]
[White "Sielecki, Christof"]
[Black "Siebrecht, Sebastian"]
[Result "1/2-1/2"]
[WhiteElo "2376"]
[BlackElo "2408"]
[PlyCount "141"]
[EventDate "2020.??.??"]
[SourceVersionDate "2020.03.16"]
[WhiteTeam "SV Dinslaken 1"]
[BlackTeam "SF Essen-Katernberg  1"]

1. d4 d5 2. Nf3 Nf6 3. g3 c6 4. Bg2 e6 5. O-O Nbd7 6. c4 Be7 7. Qc2 O-O 8. Nbd2
b6 9. e4 Nxe4 10. Nxe4 dxe4 11. Qxe4 Bb7 12. Rd1 Qc8 13. Qe2 Re8 14. Ne5 Nxe5
15. dxe5 c5 16. h4 Qc7 17. Bf4 Rad8 18. b3 Bc6 19. Rxd8 Rxd8 20. Rd1 Rxd1+ 21.
Qxd1 Qb7 22. Qf1 Be4 23. Kh2 h6 24. Qh1 Bxg2 25. Qxg2 Qc8 26. Qe4 Bf8 27. Kg2
Qa6 28. Qe2 Qb7+ 29. f3 Qd7 30. Qd2 Qc7 31. h5 Be7 32. Kf2 Kf8 33. Ke2 Ke8 34.
Qd3 Qc6 35. Qh7 Bf8 36. Ke3 a6 37. Qe4 Qc8 38. Ke2 Kd7 39. g4 Be7 40. Be3 Kc7
41. f4 Qd8 42. Bd2 a5 43. Be3 Qe8 44. f5 exf5 45. gxf5 f6 46. exf6 Qxh5+ 47.
Ke1 Bxf6 48. Bf4+ Kd8 49. Qd5+ Ke8 50. Qg8+ Kd7 51. Qe6+ Kd8 52. Qxb6+ Ke8 53.
Qc6+ Kf8 54. Qxc5+ Kg8 55. Qd5+ Kh7 56. Kd2 Qh4 57. Qf3 Bg5 58. Bxg5 Qxg5+ 59.
Ke2 Qc1 60. Qe4 Qb2+ 61. Kf3 Qc3+ 62. Kf4 Qf6 63. Ke3 Qc3+ 64. Qd3 Qe5+ 65. Kf3
Kh8 66. Qe4 Qc3+ 67. Kg4 Qd2 68. a3 Qd1+ 69. Qf3 Qd4+ 70. Kh3 Kh7 71. Kg2
1/2-1/2

[Event "SF Essen-Katernberg  1 - SV Dinslaken 1"]
[Site "Oberliga NRW 2019/2020"]
[Date "2020.01.26"]
[Round "5.2"]
[White "Tomic, Bosko"]
[Black "Tereick, Benjamin"]
[Result "0-1"]
[WhiteElo "2367"]
[BlackElo "2367"]
[PlyCount "54"]
[EventDate "2020.??.??"]
[SourceVersionDate "2020.03.16"]
[WhiteTeam "SF Essen-Katernberg  1"]
[BlackTeam "SV Dinslaken 1"]

1. e4 e6 2. d3 c5 3. Nf3 Nc6 4. g3 g6 5. Bg2 Bg7 6. O-O Nge7 7. Nbd2 O-O 8. Re1
d6 9. c3 e5 10. Nc4 h6 11. Nh4 Be6 12. a4 Qd7 13. Be3 g5 14. Nf3 f5 15. exf5
Nxf5 16. Bc1 Rad8 17. Qc2 Qf7 18. Qe2 e4 19. Nfd2 Nfd4 20. cxd4 Nxd4 21. Qf1
exd3 22. Rxe6 Qxe6 23. Ne3 Ne2+ 24. Kh1 d5 25. Bf3 d4 26. Bg4 Qf7 27. Qh3 Qxf2
0-1

[Event "SF Essen-Katernberg  1 - SV Dinslaken 1"]
[Site "Oberliga NRW 2019/2020"]
[Date "2020.01.26"]
[Round "5.3"]
[White "Welzel, Philipp"]
[Black "Kueppers, Timo"]
[Result "0-1"]
[WhiteElo "2252"]
[BlackElo "2309"]
[PlyCount "82"]
[EventDate "2020.??.??"]
[SourceVersionDate "2020.03.16"]
[WhiteTeam "SV Dinslaken 1"]
[BlackTeam "SF Essen-Katernberg  1"]

1. d4 Nf6 2. Nf3 e6 3. g3 c5 4. Bg2 cxd4 5. O-O d5 6. Nxd4 e5 7. Nb3 Nc6 8. Bg5
Be6 9. Nc3 d4 10. Ne4 Be7 11. Nec5 Bc8 12. c3 dxc3 13. bxc3 Qc7 14. Bxf6 Bxf6
15. Qd5 O-O 16. Rfd1 Be7 17. Qc4 Na5 18. Nxa5 Bxc5 19. Rd5 b6 20. Rxc5 bxc5 21.
Bxa8 Qxa5 22. Bd5 Ba6 23. Qb3 Bxe2 24. Re1 c4 25. Bxc4 Bf3 26. Re3 Ba8 27. Rd3
Qc7 28. f3 e4 29. fxe4 Bxe4 30. Rd4 Bg6 31. Qd1 Rb8 32. Bb3 h6 33. Qd2 Re8 34.
Rd6 Kh7 35. Rd7 Qc5+ 36. Qd4 Qf5 37. Qd1 Qc5+ 38. Qd4 Qf5 39. Qd1 Re3 40. Bc4
Rxc3 41. Bf1 Rc2 0-1

[Event "SF Essen-Katernberg  1 - SV Dinslaken 1"]
[Site "Oberliga NRW 2019/2020"]
[Date "2020.01.26"]
[Round "5.4"]
[White "Rosen, Bernd"]
[Black "Borchert, Rene"]
[Result "0-1"]
[WhiteElo "2293"]
[BlackElo "2173"]
[PlyCount "110"]
[EventDate "2020.??.??"]
[SourceVersionDate "2020.03.16"]
[WhiteTeam "SF Essen-Katernberg  1"]
[BlackTeam "SV Dinslaken 1"]

1. Nf3 d5 2. g3 c6 3. Bg2 Bg4 4. c4 e6 5. cxd5 exd5 6. O-O Nd7 7. d3 Ngf6 8.
Nc3 Be7 9. Qc2 O-O 10. e4 dxe4 11. dxe4 Qa5 12. h3 Bxf3 13. Bxf3 Rad8 14. Be2
Bb4 15. Bd2 Qe5 16. Bf4 Qe6 17. Kg2 Bxc3 18. Qxc3 Nxe4 19. Qe3 Ndf6 20. Bf3 Nd2
21. Rfe1 Qxe3 22. Bxe3 Nxf3 23. Kxf3 Nd5 24. a4 a6 25. a5 f6 26. Ra3 Rfe8 27.
Rb3 Rd7 28. Rd1 Kf7 29. Bc5 Re5 30. Rbd3 h5 31. Rd4 Ke6 32. R1d3 Re1 33. b4 g6
34. g4 hxg4+ 35. hxg4 Rh7 36. Re4+ Rxe4 37. Kxe4 f5+ 38. Kd4 Rh4 39. Kc4 Rxg4+
40. Kb3 g5 41. Rd1 Rh4 42. Re1+ Kf6 43. Re8 Rh7 44. Bd4+ Kg6 45. Rg8+ Kh5 46.
Kc4 Kg4 47. Bc5 Nf6 48. f3+ Kxf3 49. Rxg5 f4 50. Bd4 Nd5 51. Rg8 Ne3+ 52. Kd3
Rd7 53. Rf8 Nc2 54. Kxc2 Rxd4 55. Kc3 Rd7 0-1

[Event "SF Essen-Katernberg  1 - SV Dinslaken 1"]
[Site "Oberliga NRW 2019/2020"]
[Date "2020.01.26"]
[Round "5.5"]
[White "Ossig, Rainer"]
[Black "Bee, Marcus"]
[Result "1/2-1/2"]
[WhiteElo "2162"]
[BlackElo "2169"]
[PlyCount "38"]
[EventDate "2020.??.??"]
[SourceVersionDate "2020.03.16"]
[WhiteTeam "SV Dinslaken 1"]
[BlackTeam "SF Essen-Katernberg  1"]

1. Nf3 d6 2. d4 Bg4 3. g3 Bxf3 4. exf3 e6 5. c4 c6 6. Nc3 d5 7. Qb3 Qb6 8. Qc2
Nd7 9. Be3 Ne7 10. Bh3 g6 11. O-O Bg7 12. c5 Qd8 13. f4 Nf5 14. Rfd1 O-O 15. b4
b6 16. Ne2 a5 17. a3 axb4 18. axb4 bxc5 19. bxc5 Qc7 1/2-1/2

[Event "SF Essen-Katernberg  1 - SV Dinslaken 1"]
[Site "Oberliga NRW 2019/2020"]
[Date "2020.01.26"]
[Round "5.6"]
[White "Gruenter, Martin"]
[Black "Strijbos, Maarten"]
[Result "1/2-1/2"]
[WhiteElo "2162"]
[BlackElo "2309"]
[PlyCount "41"]
[EventDate "2020.??.??"]
[SourceVersionDate "2020.03.16"]
[WhiteTeam "SF Essen-Katernberg  1"]
[BlackTeam "SV Dinslaken 1"]

1. e4 c5 2. c3 d5 3. exd5 Qxd5 4. d4 g6 5. Nf3 Bg7 6. Na3 Nf6 7. Bc4 Qe4+ 8.
Be3 cxd4 9. Bxf7+ Kf8 10. O-O Nc6 11. cxd4 Bg4 12. Bc4 Bxf3 13. gxf3 Qf5 14.
Nb5 Rc8 15. d5 Ne5 16. Be2 Kf7 17. Nd4 Qh5 18. Qb3 Rc4 19. Bxc4 Nxf3+ 20. Nxf3
Qg4+ 21. Kh1 1/2-1/2

[Event "SF Essen-Katernberg  1 - SV Dinslaken 1"]
[Site "Oberliga NRW 2019/2020"]
[Date "2020.01.26"]
[Round "5.7"]
[White "Sonnenschein, Philipp"]
[Black "Schimnatkowski, Lukas"]
[Result "1/2-1/2"]
[WhiteElo "2154"]
[BlackElo "2134"]
[Annotator "Daniel"]
[PlyCount "107"]
[EventDate "2020.??.??"]
[SourceVersionDate "2020.03.16"]
[WhiteTeam "SV Dinslaken 1"]
[BlackTeam "SF Essen-Katernberg  1"]

1. e4 c5 2. Nf3 d6 3. d4 cxd4 4. Nxd4 Nf6 5. Nc3 g6 6. Be3 Bg7 7. f3 a6 8. Qd2
Nbd7 9. g4 b5 10. h4 Ne5 11. h5 Rg8 12. h6 Bh8 13. g5 Nfd7 14. O-O-O Bb7 15. f4
Nc4 16. Bxc4 bxc4 17. Nde2 Qa5 18. Bd4 Bxd4 19. Qxd4 Qc7 20. Nd5 Bxd5 21. Qxd5
Nb6 22. Qa5 e6 23. Nc3 Qc6 $11 24. Rhe1 Kd7 25. Qe5 Kc7 26. Qf6 Qd7 27. Rd2
Rad8 28. Red1 Qe8 29. Qd4 Qc6 30. Ne2 Rd7 31. Qe3 Rb8 32. Qa3 d5 33. Nd4 Qa4
34. Qxa4 Nxa4 35. c3 Nc5 36. exd5 Rxd5 37. Kb1 a5 38. Nc2 Na4 39. Kc1 Rxd2 40.
Rxd2 Nxb2 41. Rd4 e5 42. fxe5 Nd3+ 43. Kd2 Nxe5 44. Rd5 Rd8 45. Rxd8 Kxd8 46.
Ke3 Ke7 47. Ke4 f6 48. Ne3 Ke6 49. gxf6 Kxf6 50. Nd5+ Ke6 51. Nc7+ Kf6 52. Nd5+
Ke6 53. Nc7+ Kf6 54. Nd5+ 1/2-1/2

[Event "SF Essen-Katernberg  1 - SV Dinslaken 1"]
[Site "Oberliga NRW 2019/2020"]
[Date "2020.01.26"]
[Round "5.8"]
[White "Dahm, Bernd"]
[Black "Bergmans, Dirk"]
[Result "1-0"]
[WhiteElo "2104"]
[BlackElo "2077"]
[Annotator "Daniel"]
[PlyCount "111"]
[EventDate "2020.??.??"]
[SourceVersionDate "2020.03.16"]
[WhiteTeam "SF Essen-Katernberg  1"]
[BlackTeam "SV Dinslaken 1"]

1. c4 e5 2. g3 Nf6 3. Bg2 d5 4. cxd5 Nxd5 5. Nc3 Nb6 6. Nf3 Nc6 7. O-O Be7 8.
d3 O-O 9. a3 a5 10. Be3 Be6 11. Rc1 a4 12. Nd2 Bg5 13. Bxg5 Qxg5 14. Nce4 Qh5
15. Nc5 Bg4 16. Re1 Nd4 $11 17. f3 Bc8 18. e3 Nb5 19. Nc4 Nxc4 20. Rxc4 Rd8 21.
Rxa4 Rxa4 22. Qxa4 Nd6 23. Qc2 Qg6 24. Nb3 c6 25. Rc1 h5 26. d4 Qxc2 27. Rxc2
Nf5 28. dxe5 Nxe3 29. Rd2 Re8 30. f4 g5 31. Nc5 gxf4 32. gxf4 Nc4 33. Rc2 Ne3
34. Re2 Nc4 35. Ne4 Rd8 36. Rc2 Ne3 37. Rd2 Rxd2 38. Nxd2 Be6 39. Bf3 h4 40.
Kf2 Nc2 41. Be4 Nd4 42. Ke3 Nb5 43. Nf3 h3 44. f5 Bc8 45. Ng1 c5 46. Nxh3 Nd4
47. Kf4 b5 48. Ng1 Bd7 49. Nf3 Nb3 50. Bd5 Nc1 51. Ke4 c4 52. Ng5 Be8 53. Kd4
Kg7 54. Ne4 Bd7 55. Nd6 Nd3 56. b3 1-0

[Event "SV Wattenscheid 1 - SV Mülheim-Nord 2"]
[Site "Oberliga NRW 2019/2020"]
[Date "2020.01.26"]
[Round "5.1"]
[White "Zelbel, Patrick"]
[Black "Koscielski, Janusz"]
[Result "1-0"]
[WhiteElo "2412"]
[BlackElo "2215"]
[PlyCount "51"]
[EventDate "2020.??.??"]
[SourceVersionDate "2020.03.16"]
[WhiteTeam "SV Mülheim-Nord 2"]
[BlackTeam "SV Wattenscheid 1"]

1. e4 c6 2. Nc3 d5 3. Nf3 Nf6 4. e5 Ne4 5. Ne2 Qb6 6. d4 e6 7. Ng3 Nxg3 8. fxg3
c5 9. Bd3 Nc6 10. O-O Be7 11. dxc5 Qxc5+ 12. Kh1 Bd7 13. a3 Qb6 14. Qe1 f6 15.
exf6 gxf6 16. c4 d4 17. b4 e5 18. Bd2 a6 19. b5 axb5 20. cxb5 Nd8 21. Nxe5 fxe5
22. Qxe5 Nf7 23. Rxf7 Kxf7 24. Rf1+ Qf6 25. Qh5+ Kg7 26. Bh6+ 1-0

[Event "SV Wattenscheid 1 - SV Mülheim-Nord 2"]
[Site "Oberliga NRW 2019/2020"]
[Date "2020.01.26"]
[Round "5.2"]
[White "Schiffer, Kai-Uwe"]
[Black "Rezazadeh, Amir"]
[Result "0-1"]
[WhiteElo "2259"]
[BlackElo "2314"]
[PlyCount "54"]
[EventDate "2020.??.??"]
[SourceVersionDate "2020.03.16"]
[WhiteTeam "SV Wattenscheid 1"]
[BlackTeam "SV Mülheim-Nord 2"]

1. e4 c5 2. Nf3 d6 3. d4 cxd4 4. Nxd4 Nf6 5. Nc3 a6 6. h3 e6 7. g4 d5 8. Bg2
Nxe4 9. Nxe4 dxe4 10. Be3 Qd5 11. O-O Bd6 12. Nf5 Be5 13. Qxd5 exd5 14. Bd4
Bxd4 15. Nxd4 Nc6 16. Rad1 Be6 17. c4 O-O-O 18. cxd5 Bxd5 19. Nf5 g6 20. Ne3
Bxa2 21. Bxe4 Nd4 22. Kg2 Rhe8 23. f3 h6 24. Rf2 Ne6 25. Rc1+ Kb8 26. b3 Nf4+
27. Kg3 Nd3 0-1

[Event "SV Wattenscheid 1 - SV Mülheim-Nord 2"]
[Site "Oberliga NRW 2019/2020"]
[Date "2020.01.26"]
[Round "5.3"]
[White "van Meegen, Ruud"]
[Black "Straeter, Timo"]
[Result "1/2-1/2"]
[WhiteElo "2280"]
[BlackElo "2316"]
[PlyCount "78"]
[EventDate "2020.??.??"]
[SourceVersionDate "2020.03.16"]
[WhiteTeam "SV Mülheim-Nord 2"]
[BlackTeam "SV Wattenscheid 1"]

1. Nf3 Nf6 2. c4 c6 3. Nc3 d5 4. cxd5 cxd5 5. d4 Nc6 6. Bf4 a6 7. e3 Bg4 8. Be2
e6 9. O-O Bxf3 10. Bxf3 Bd6 11. Bxd6 Qxd6 12. Rc1 O-O 13. Qe2 Rac8 14. Rfd1 Rc7
15. Na4 Rfc8 16. Rc3 Na5 17. Rdc1 Rxc3 18. Rxc3 Rxc3 19. Nxc3 Qb4 20. Qc2 g6
21. b3 Nc6 22. g3 Qa5 23. Na4 Qe1+ 24. Kg2 Kg7 25. Qc3 Qb1 26. Nc5 Qxa2 27.
Nxb7 Ne7 28. Qc7 Nf5 29. Qe5 g5 30. Bg4 Qxb3 31. Nc5 Qc2 32. Nxa6 Kg6 33. Bxf5+
exf5 34. Nb4 Qe4+ 35. Qxe4 fxe4 36. Nc6 Kf5 37. Nd8 Kg6 38. Nc6 Kf5 39. Nd8 Kg6
1/2-1/2

[Event "SV Wattenscheid 1 - SV Mülheim-Nord 2"]
[Site "Oberliga NRW 2019/2020"]
[Date "2020.01.26"]
[Round "5.4"]
[White "Wengenroth, Walter"]
[Black "Stillger, Bernhard"]
[Result "0-1"]
[WhiteElo "2229"]
[BlackElo "2212"]
[PlyCount "142"]
[EventDate "2020.??.??"]
[SourceVersionDate "2020.03.16"]
[WhiteTeam "SV Wattenscheid 1"]
[BlackTeam "SV Mülheim-Nord 2"]

1. e4 e5 2. Nf3 Nf6 3. d3 d6 4. Be2 g6 5. O-O Bg7 6. Re1 O-O 7. c3 Nbd7 8. Bf1
Re8 9. Nbd2 d5 10. exd5 Nxd5 11. a4 a5 12. Nc4 h6 13. g3 b6 14. Bg2 Bb7 15. d4
exd4 16. Rxe8+ Qxe8 17. Nxd4 Rd8 18. Bd2 Nc5 19. Qc2 Bxd4 20. cxd4 Ne6 21. Qe4
Ba6 22. Ne5 Nf6 23. Qh4 Rxd4 24. Qxf6 Rxd2 25. Re1 Re2 26. Rxe2 Bxe2 27. Bc6
Qf8 28. Nxg6 Qg7 29. Qxg7+ Kxg7 30. Ne7 Nd4 31. Bd7 Bf3 32. Kf1 Kf6 33. Ng8+
Kg7 34. Ne7 Kf8 35. Nf5 Nxf5 36. Bxf5 Bd1 37. Bd7 Ke7 38. Bb5 Kd6 39. Bc4 f6
40. b3 Kc5 41. Ke1 Bf3 42. Kd2 Kd4 43. h4 c6 44. Bf7 b5 45. axb5 cxb5 46. Be8
Bd5 47. Kc2 Be4+ 48. Kd2 Kc5 49. Kc3 Bf3 50. Bd7 Bd5 51. g4 b4+ 52. Kc2 Kd6 53.
Ba4 Bf3 54. g5 fxg5 55. hxg5 Be4+ 56. Kd2 hxg5 57. Be8 Bd5 58. Kc2 Ke5 59. Ba4
Ke4 60. Kd2 Kd4 61. Kc2 Be4+ 62. Kd2 Kc5 63. Be8 Bd5 64. Kc2 Bc6 65. Bf7 Kd4
66. Bh5 Be4+ 67. Kd2 a4 68. bxa4 b3 69. Bf7 b2 70. Ba2 b1=Q 71. Bxb1 Bxb1 0-1

[Event "SV Wattenscheid 1 - SV Mülheim-Nord 2"]
[Site "Oberliga NRW 2019/2020"]
[Date "2020.01.26"]
[Round "5.5"]
[White "Baltic, Fatih"]
[Black "Kaehmann, Joerg"]
[Result "1/2-1/2"]
[WhiteElo "2202"]
[BlackElo "2123"]
[PlyCount "83"]
[EventDate "2020.??.??"]
[SourceVersionDate "2020.03.16"]
[WhiteTeam "SV Mülheim-Nord 2"]
[BlackTeam "SV Wattenscheid 1"]

1. e4 e6 2. d4 d5 3. Nd2 dxe4 4. Nxe4 Nf6 5. Nxf6+ Qxf6 6. Nf3 h6 7. Bd3 Nc6 8.
c3 Bd6 9. O-O O-O 10. Nd2 e5 11. Ne4 Qg6 12. Nxd6 Qxd6 13. d5 Ne7 14. c4 f5 15.
f4 e4 16. Be2 c6 17. dxc6 Qxc6 18. Be3 Be6 19. b3 Rfd8 20. Qc1 a5 21. Qb2 Qc7
22. Rac1 Rd7 23. Rfd1 Rad8 24. Rxd7 Rxd7 25. Rd1 Rxd1+ 26. Bxd1 Nc6 27. Be2 Qd6
28. a3 Bf7 29. g3 Be6 30. Kf2 Bf7 31. c5 Qd5 32. b4 a4 33. b5 Na5 34. Qb4 Nc4
35. Bxc4 Qxc4 36. Qxc4 Bxc4 37. c6 bxc6 38. bxc6 Kf7 39. c7 Ba6 40. Bd4 g6 41.
Ke3 Ke6 42. Bg7 1/2-1/2

[Event "SV Wattenscheid 1 - SV Mülheim-Nord 2"]
[Site "Oberliga NRW 2019/2020"]
[Date "2020.01.26"]
[Round "5.6"]
[White "Hirsch, Stefan"]
[Black "Hoenig, Alexander"]
[Result "0-1"]
[WhiteElo "2119"]
[BlackElo "2182"]
[PlyCount "46"]
[EventDate "2020.??.??"]
[SourceVersionDate "2020.03.16"]
[WhiteTeam "SV Wattenscheid 1"]
[BlackTeam "SV Mülheim-Nord 2"]

1. Nf3 Nf6 2. d4 d5 3. Bf4 c5 4. e3 Nc6 5. c4 cxd4 6. exd4 Bg4 7. c5 Bxf3 8.
gxf3 g6 9. Bb5 Bg7 10. Bxc6+ bxc6 11. Qa4 Qc8 12. Nd2 O-O 13. O-O-O Nh5 14. Be3
Qc7 15. Nb3 a5 16. Bd2 Rfb8 17. Bc3 Rb5 18. Rde1 Nf4 19. Kb1 Nd3 20. Re2 Qf4
21. Rxe7 Qxf3 22. Rf1 Nb4 23. a3 Qd3+ 0-1

[Event "SV Wattenscheid 1 - SV Mülheim-Nord 2"]
[Site "Oberliga NRW 2019/2020"]
[Date "2020.01.26"]
[Round "5.7"]
[White "Walter, Andreas"]
[Black "Koerber, Matthias"]
[Result "1/2-1/2"]
[WhiteElo "2120"]
[BlackElo "2180"]
[PlyCount "135"]
[EventDate "2020.??.??"]
[SourceVersionDate "2020.03.16"]
[WhiteTeam "SV Mülheim-Nord 2"]
[BlackTeam "SV Wattenscheid 1"]

1. d4 d5 2. c4 c6 3. Nf3 Nf6 4. e3 Bf5 5. Nh4 Bg6 6. Nc3 e6 7. Be2 Nbd7 8. g3
Be7 9. O-O O-O 10. Nxg6 hxg6 11. Qb3 Qb6 12. Bd2 Rfd8 13. c5 Qxb3 14. axb3 e5
15. b4 a6 16. f3 Ne8 17. Bd3 exd4 18. exd4 Nc7 19. Ra3 Ne6 20. Ne2 Re8 21. Be3
Rac8 22. Bf2 Bf6 23. h4 g5 24. hxg5 Nxg5 25. Kg2 Re7 26. Nc1 Rce8 27. Nb3 g6
28. Raa1 Nf8 29. Rae1 Nge6 30. f4 Kg7 31. Kf3 Nxd4+ 32. Nxd4 Rxe1 33. Nf5+ gxf5
34. Bxe1 Bxb2 35. Bxf5 Ne6 36. Bf2 Bc3 37. Rb1 Kf6 38. Bc2 Nd4+ 39. Bxd4+ Bxd4
40. Rb3 Re1 41. g4 Rf1+ 42. Kg3 Rc1 43. Bf5 Rc3+ 44. Rxc3 Bxc3 45. Bc8 Bxb4 46.
Bxb7 Bxc5 47. Bxc6 Ke6 48. Kf3 f6 49. g5 fxg5 50. fxg5 Ke5 51. g6 Bf8 52. Ke3
Kd6 53. Be8 Kc5 54. Kd3 Bg7 55. Bd7 a5 56. Be8 Kb4 57. Bf7 d4 58. Be6 a4 59.
Bf7 Ka3 60. Kc2 {R} Kb4 61. Kd3 Kc5 62. Be6 Kd6 63. Bf7 Ke5 64. Be8 a3 65. Bf7
Kf4 66. Bc4 Kf3 67. Kc2 d3+ 68. Kxd3 1/2-1/2

[Event "SV Wattenscheid 1 - SV Mülheim-Nord 2"]
[Site "Oberliga NRW 2019/2020"]
[Date "2020.01.26"]
[Round "5.8"]
[White "Schlehoefer, Ralf"]
[Black "Kuipers, Dustin"]
[Result "1/2-1/2"]
[WhiteElo "2155"]
[BlackElo "2099"]
[PlyCount "92"]
[EventDate "2020.??.??"]
[SourceVersionDate "2020.03.16"]
[WhiteTeam "SV Wattenscheid 1"]
[BlackTeam "SV Mülheim-Nord 2"]

1. d4 d5 2. c4 c6 3. cxd5 cxd5 4. Nf3 Nc6 5. Nc3 Nf6 6. Bf4 a6 7. e3 Bf5 8. Bd3
Bxd3 9. Qxd3 e6 10. O-O Be7 11. Rfc1 O-O 12. Nd2 Nh5 13. Bg3 Nxg3 14. hxg3 Bd6
15. Na4 Qe7 16. Nc5 Rac8 17. a3 Ne5 18. dxe5 Bxc5 19. Rc3 Rc7 20. Rac1 Rfc8 21.
f4 Bb6 22. Nf3 Rxc3 23. Rxc3 Rxc3 24. Qxc3 Qc5 25. Qxc5 Bxc5 26. Kf2 h5 27. Ke2
f6 28. exf6 gxf6 29. f5 Kf7 30. fxe6+ Kxe6 31. Nh4 b5 32. Kd3 Bd6 33. e4 Bxg3
34. Nf5 Be5 35. b3 Bb2 36. Ng7+ Ke5 37. exd5 h4 38. a4 Kxd5 39. axb5 axb5 40.
Nf5 Ke5 41. Nxh4 Kf4 42. b4 Kg4 43. Ng6 Kg3 44. Ke4 Bc3 45. Nf4 Bxb4 46. Nh5+
Kxg2 1/2-1/2

[Event "SV Letmathe 1 - SV Mülheim-Nord 2"]
[Site "Oberliga NRW 2019/2020"]
[Date "2020.02.16"]
[Round "6.1"]
[White "Rezazadeh, Amir"]
[Black "Kolosowski, Mateusz"]
[Result "0-1"]
[WhiteElo "2314"]
[BlackElo "2477"]
[Annotator "Daniel"]
[PlyCount "90"]
[EventDate "2020.??.??"]
[SourceVersionDate "2020.03.16"]
[WhiteTeam "SV Mülheim-Nord 2"]
[BlackTeam "SV Letmathe 1"]

1. c4 Nf6 2. g3 c6 3. Bg2 d5 4. Nf3 g6 5. b3 Bg7 6. Bb2 O-O 7. O-O dxc4 8. bxc4
c5 9. d3 Nc6 10. Ne5 Na5 11. Nc3 Nd7 12. Ng4 f5 13. Ne3 e6 14. Rb1 Rb8 15. Nb5
Bxb2 16. Rxb2 a6 17. Na7 b6 18. Nxc8 Rxc8 19. Qa4 f4 20. Bh3 Rc6 21. Ng2 g5 22.
Qc2 Ne5 23. Ne1 Rd6 24. Bg2 Nac6 25. Bxc6 Nxc6 26. e3 f3 27. Qb3 Qd7 28. Qc3 e5
29. Rxb6 Nd4 30. exd4 Rxb6 31. dxc5 Re6 32. Nc2 Rfe8 33. d4 e4 34. Qe3 Rg6 35.
Rb1 Qg4 36. Kf1 Rh6 37. h4 $11 Rh5 38. Ke1 gxh4 39. Kd2 hxg3 40. fxg3 Rh2+ 41.
Kc3 Re2 42. Qh6 f2 43. Rb7 Qg6 44. Qxg6+ hxg6 45. Rb1 e3 0-1

[Event "SV Letmathe 1 - SV Mülheim-Nord 2"]
[Site "Oberliga NRW 2019/2020"]
[Date "2020.02.16"]
[Round "6.2"]
[White "Cukrowski, Filip"]
[Black "Baltic, Fatih"]
[Result "1-0"]
[WhiteElo "2425"]
[BlackElo "2202"]
[Annotator "Daniel"]
[PlyCount "63"]
[EventDate "2020.??.??"]
[SourceVersionDate "2020.03.16"]
[WhiteTeam "SV Letmathe 1"]
[BlackTeam "SV Mülheim-Nord 2"]

1. d4 Nf6 2. c4 g6 3. Nc3 d5 4. Nf3 Bg7 5. Qb3 dxc4 6. Qxc4 O-O 7. e4 c6 8. Be2
e5 9. dxe5 Ng4 10. Bg5 Qb6 11. O-O Be6 12. Qd3 Nd7 13. Qc2 Ngxe5 14. Nxe5 Nxe5
15. Na4 Qc7 16. f4 f6 17. Nc5 fxg5 18. Nxe6 Qb6+ 19. Kh1 gxf4 20. Nxf8 Rxf8 $11
21. Rad1 g5 22. Bc4+ Kh8 23. Be6 Qb4 24. b3 f3 25. gxf3 Nxf3 26. Qg2 Nd4 27.
Rxf8+ Qxf8 28. Bf5 Qe7 29. Qh3 h6 30. Rxd4 Bxd4 31. Qxh6+ Kg8 32. Be6+ 1-0

[Event "SV Letmathe 1 - SV Mülheim-Nord 2"]
[Site "Oberliga NRW 2019/2020"]
[Date "2020.02.16"]
[Round "6.3"]
[White "Hoenig, Alexander"]
[Black "Soukup, Jiri"]
[Result "1-0"]
[WhiteElo "2182"]
[BlackElo "2351"]
[Annotator "Daniel"]
[PlyCount "77"]
[EventDate "2020.??.??"]
[SourceVersionDate "2020.03.16"]
[WhiteTeam "SV Mülheim-Nord 2"]
[BlackTeam "SV Letmathe 1"]

1. d4 Nf6 2. Nf3 e6 3. Bf4 b6 4. Nbd2 Bb7 5. e3 d5 6. Ne5 Bd6 7. Bd3 Nbd7 8.
Qf3 Qe7 9. c3 O-O-O 10. O-O-O Bxe5 11. dxe5 Nc5 12. exf6 Nxd3+ 13. Kc2 Qxf6 14.
Kxd3 d4 15. Ne4 dxc3+ 16. Kc2 Qf5 17. Kxc3 Bxe4 18. Qe2 Qa5+ 19. Kb3 Bd5+ 20.
Kc2 Bxa2 21. b3 e5 22. Bg3 f6 23. Kb2 Bxb3 24. Kxb3 b5 25. Qg4+ $11 Kb8 26. Qb4
Qb6 27. Rxd8+ Rxd8 28. Ra1 Qc6 29. Kb2 Rd5 30. Rc1 Qd7 31. Rc2 Kb7 32. f4 Kb6
33. e4 c5 34. Bf2 a5 35. Rxc5 Rd4 36. Bxd4 exd4 37. Qa3 Qg4 38. Rc2 b4 39. Qd3
1-0

[Event "SV Letmathe 1 - SV Mülheim-Nord 2"]
[Site "Oberliga NRW 2019/2020"]
[Date "2020.02.16"]
[Round "6.4"]
[White "Schleining, Zoya"]
[Black "Bus, Tom"]
[Result "1/2-1/2"]
[WhiteElo "2276"]
[BlackElo "2095"]
[PlyCount "140"]
[EventDate "2020.??.??"]
[SourceVersionDate "2020.03.16"]
[WhiteTeam "SV Letmathe 1"]
[BlackTeam "SV Mülheim-Nord 2"]

1. Nf3 Nf6 2. c4 c5 3. Nc3 b6 4. d4 cxd4 5. Nxd4 Bb7 6. f3 d6 7. e4 e6 8. Be3
a6 9. Be2 Nbd7 10. O-O Be7 11. Rc1 O-O 12. Qd2 Qc7 13. Rfd1 Rac8 14. Kh1 Rfe8
15. a3 Qb8 16. b4 Bd8 17. Nb3 Bc7 18. Bf4 Ne5 19. Bxe5 dxe5 20. Qe1 Red8 21. c5
b5 22. Rxd8+ Rxd8 23. Rd1 Bc6 24. Rxd8+ Qxd8 25. Qd2 Nd7 26. Nc1 Qa8 27. Kg1
Qa7 28. Kf1 h6 29. Ke1 Nxc5 30. bxc5 Qxc5 31. Qb2 Bb6 32. Nd3 Qg1+ 33. Bf1 Qxh2
34. Ne2 Qh4+ 35. g3 Qf6 36. Bg2 Qe7 37. Qc3 Bb7 38. Nxe5 Bc5 39. Nd3 Bxa3 40.
f4 f5 41. Kf1 fxe4 42. Ne5 Qd6 43. Qd4 Qxd4 44. Nxd4 Bb2 45. Ndc6 g5 46. Bh3
gxf4 47. Bxe6+ Kg7 48. gxf4 Bc1 49. f5 Bb2 50. Na5 Bxe5 51. Nxb7 Bd4 52. Nd6 e3
53. Ne8+ Kf8 54. Nc7 Ke7 55. Nxa6 Kd6 56. Nb4 h5 57. Nd3 h4 58. Nf4 b4 59. Kg2
Bf6 60. Kf3 Bg5 61. Nh3 Bh6 62. Ng1 Ke5 63. Kg4 Ke4 64. Kxh4 b3 65. Kg4 b2 66.
Ba2 Kd3 67. Nf3 Kc2 68. Nd4+ Kd3 69. Nb3 Kc2 70. Nd4+ Kd3 1/2-1/2

[Event "SV Letmathe 1 - SV Mülheim-Nord 2"]
[Site "Oberliga NRW 2019/2020"]
[Date "2020.02.16"]
[Round "6.5"]
[White "Oltmanns, Jan"]
[Black "Gruermann, Martin"]
[Result "0-1"]
[WhiteElo "2008"]
[BlackElo "2192"]
[PlyCount "54"]
[EventDate "2020.??.??"]
[SourceVersionDate "2020.03.16"]
[WhiteTeam "SV Mülheim-Nord 2"]
[BlackTeam "SV Letmathe 1"]

1. e4 Nf6 2. e5 Nd5 3. d4 d6 4. Nf3 Bg4 5. exd6 exd6 6. c4 Nb6 7. Be2 Be7 8.
O-O O-O 9. Nc3 Nc6 10. b3 Re8 11. Be3 Bf6 12. Qd2 h6 13. h3 Bh5 14. Rfe1 d5 15.
c5 Nc8 16. Nh2 Bxe2 17. Nxe2 N8e7 18. Ng3 Bg5 19. Bxg5 hxg5 20. Qxg5 Nxd4 21.
Nh5 Ng6 22. Rxe8+ Qxe8 23. Qxd5 Rd8 24. Qxb7 Qe5 25. Ng3 Ne2+ 26. Nxe2 Qxa1+
27. Nf1 Qxf1+ 0-1